Guess the country of the city! - Statistics

General Stats
  • This quiz has been taken 49 times
  • The average score is 11 of 15
Answer Stats
Hint Answer % Correct
Barcelona Spain
100%
Frankfurt Germany
98%
Milan Italy
94%
Dubai UAE
94%
Manchester UK
94%
Miami USA
94%
Zurich Switzerland
89%
Chennai India
87%
Brisbane Australia
83%
Antalya Turkey
68%
Fes Morocco
60%
Nusantara Indonesia
53%
Rafsanjan Iran
43%
Putra Jaya Malaysia
38%
Astana Kazakhastan
0%
No matching quizzes found
Score Distribution
Percent of People with Each Score
Percentile by Number Answered
Your Score History
You have not taken this quiz